00951 a2200205 45000010006000000050017000060080041000230030015000640400040000790800032001192450059001510200022002102640038002323000019002705050293002890410008005821000021005907000035006118560099006464084620260407155703.0260407a2013 arg spa dAR-UNSa-BCEJYS aAR-UNSa-BCEJYSbspacAR-UNSa-BCEJYS a94:33xHistoria económica10aHistoria económica mundialpuna breve introducción a978-84-206-7583-1 1aMadrid :bAlianza Editorialc2013 a253 p.c18 cm. a1. La gran divergencia - 2. El progreso de Occidente - 3. La revolución industrial - 4. El despegue de los países ricos - 5. Los grandes imperios - 6. Las Américas - 7. África - 8. El modelo clásico y la industrialización tardía - 9. El gran impulso a la industrialización aspa1 aAllen, Robert C.1 aMuñoz de Bustillo, Francisco41uhttps://www.biblioeco.unsa.edu.ar/pmb/images/libros/L126287.jpgyImagen de portadaqimage/jpeg